Tecnología de la carne
Na minha lista:
| Autor principal: | |
|---|---|
| Formato: | Livro |
| Idioma: | espanhol |
| Publicado em: |
Zaragoza
Acribia
1969
|
| Assuntos: | |
| Tags: |
Adicionar Tag
Sem tags, seja o primeiro a adicionar uma tag!
|
MARC
| LEADER | 00000nam a2200000 a 4500 | ||
|---|---|---|---|
| 001 | UCR3986 | ||
| 003 | CL-VaPUC | ||
| 008 | 980307e19690000SP |||||||||||||||||spa|d | ||
| 082 | 0 | 4 | |a 664.9 |b BOG |2 21 |
| 100 | 0 | |a Bogner, Herrmann |e author |9 403561 | |
| 245 | 1 | 0 | |a Tecnología de la carne |
| 300 | |a 118 p | ||
| 942 | |c BK | ||
| 945 | |d 19980307 00:00:00 |a jquezada | ||
| 260 | |a Zaragoza |b Acribia |c 1969 | ||
| 650 | 0 | |a Carne |9 259507 | |
| 650 | 0 | |a Carne de vacuno |9 366071 | |
| 650 | 7 | |a CARNE DE PORCINO |2 CL-VaPUC |9 403562 | |
| 583 | |a last modification |c 20180123 04:47:03 |k Rodrigo Vera | ||
| 999 | |c 266996 |d 266994 | ||